Wisdom from world religions : (Record no. 1006)
[ view plain ]
| 000 -LEADER | |
|---|---|
| fixed length control field | 00498nam a22001697a 4500 |
| 008 - FIXED-LENGTH DATA ELEMENTS--GENERAL INFORMATION | |
| fixed length control field | 150608b xxu||||| |||| 00| 0 eng d |
| 020 ## - INTERNATIONAL STANDARD BOOK NUMBER | |
| International Standard Book Number | 1890151912 |
| 041 0# - LANGUAGE CODE | |
| Language code of text/sound track or separate title | eng |
| 080 ## - UNIVERSAL DECIMAL CLASSIFICATION NUMBER | |
| Universal Decimal Classification number | 291.4 |
| 100 1# - Rafti | |
| Rafti | Templeton, John, |
| 100 1# - Rafti | |
| -- | 1912-2008. |
| 245 10 - TITLE STATEMENT | |
| Title | Wisdom from world religions : |
| Statement of responsibility, etc | John Templeton. |
| 260 ## - | |
| -- | Philadelphia : |
| -- | Templeton Foundation Press, |
| -- | c2002. |
| 300 ## - | |
| -- | 352 f. ; |
| -- | 28 cm. |
| 650 #0 - | |
| -- | Jeta shpirtërore |
| 650 #0 - | |
| -- | Feja |
| 942 ## - ADDED ENTRY ELEMENTS (KOHA) | |
| Source of classification or shelving scheme | |
| Item type | Books |
| Withdrawn status | Lost status | Source of classification or shelving scheme | Damaged status | Not for loan | Collection code | Permanent location | Current location | Shelving location | Date acquired | Total Checkouts | Full call number | Barcode | Date last seen | Koha item type | Price effective from |
|---|---|---|---|---|---|---|---|---|---|---|---|---|---|---|---|
| Koleksioni i përgjithshem | UBT - Lipjan | UBT - Lipjan | Koleksioni i përgjithshem | 06/08/2015 | 291.4 TEM | 002-007764 | 06/08/2015 | Books | |||||||
| Koleksioni i përgjithshem | UBT - Lipjan | UBT - Lipjan | Koleksioni i përgjithshem | 09/25/2015 | 291.4 TEM | 002-007787 | 09/25/2015 | Books | 09/25/2015 | ||||||
| Koleksioni i përgjithshem | UBT - Lipjan | UBT - Lipjan | Koleksioni i përgjithshem | 09/25/2015 | 291.4 TEM | 002-007788 | 09/25/2015 | Books | 09/25/2015 | ||||||
| Koleksioni i përgjithshem | UBT - Lipjan | UBT - Lipjan | Koleksioni i përgjithshem | 09/25/2015 | 291.4 TEM | 002-007789 | 09/25/2015 | Books | 09/25/2015 | ||||||
| Koleksioni i përgjithshem | UBT - Lipjan | UBT - Lipjan | Koleksioni i përgjithshem | 09/25/2015 | 291.4 TEM | 002-007757 | 09/25/2015 | Books | 09/25/2015 | ||||||
| Koleksioni i përgjithshem | UBT - Lipjan | UBT - Lipjan | Koleksioni i përgjithshem | 09/25/2015 | 291.4 TEM | 002-007758 | 09/25/2015 | Books | 09/25/2015 | ||||||
| Koleksioni i përgjithshem | UBT - Lipjan | UBT - Lipjan | Koleksioni i përgjithshem | 09/25/2015 | 291.4 TEM | 002-007759 | 09/25/2015 | Books | 09/25/2015 | ||||||
| Koleksioni i përgjithshem | UBT - Lipjan | UBT - Lipjan | Koleksioni i përgjithshem | 12/08/2015 | 291.4 TEM | 002-008720 | 12/08/2015 | Books | 12/08/2015 |